Countries with Capitals Starting with M - Statistics

General Stats
  • This quiz has been taken 32 times
  • The average score is 11 of 19
Answer Stats
Answer % Correct
Mexico
86%
Russia
86%
Spain
83%
Maldives
76%
Belarus
72%
Somalia
66%
Monaco
62%
Uruguay
62%
Mozambique
59%
Nicaragua
59%
Oman
55%
Philippines
52%
Bahrain
48%
Liberia
45%
Equatorial Guinea
41%
Marshall Islands
41%
Lesotho
38%
Comoros
34%
Eswatini (Swaziland)
34%
No matching quizzes found
Score Distribution
Percent of People with Each Score
Percentile by Number Answered
Your Score History
You have not taken this quiz